Adelaide's AFL rivals in order from biggest to least - Statistics

General Stats
  • This quiz has been taken 50 times
  • The average score is 12 of 17
Answer Stats
Pos Reason Answer % Correct
Main Showdown Port Adelaide
97%
7th Everybody hates Collingwood
85%
9th We just hate the GMHBA team Geelong
85%
8th 2023 robbery Sydney
85%
6th 2017 Richmond
82%
4th 1998 and affairs North Melbourne
70%
2nd Finals Rivals Hawthorn
67%
11th haven't beaten em since 2017 Essendon
64%
15th Fremantle
64%
12h 2017 qualifier GWS
64%
16th Gold Coast
61%
3rd 1997 St Kilda
61%
5th Beating em in finals since 97 Western Bulldogs
61%
13th incident in 93 Brisbane
58%
14th The remaining teams will just be in alphabetical order Carlton
58%
10th Finals West Coast
58%
17th Melbourne
52%
No matching quizzes found
Score Distribution
Percent of People with Each Score
Percentile by Number Answered
Your Score History
You have not taken this quiz